RealitySK časopis o ľuďoch a realitách

Bibliographic Details
Previous Title:Slovensko a reality
Format: Journal
Language:Slovak
PhysicalDescription:5 zv. 30 cm
Published: Bratislava Narks - Infoservis 2012-2016
ISSN:1338-8673
Subjects:
Online Access:http://www.reality.sk/casopis

MARC

LEADER 00000cas a2200000 a 4500
001 vtls010452133
003 SK-MaSNL
005 20260228160346.0
008 170907d20122016xo mr p 0 b0slo
022 |a 1338-8673 
040 |a SVKBB  |b slo  |c SVKBB  |d SNK  |e AACR2 
041 0 |a slo 
044 |a xo  |c SK 
072 |a 070.485 
072 7 |a 332  |x Regionálna ekonómia, regionálna ekonomika  |2 konspekt 
080 |a 070.485  |2 2001 
080 |a 332.7  |2 2011 
080 |a 050  |2 2001 
080 |a 659  |2 2001 
210 0 |a RealitySk 
222 0 |a RealitySk 
245 0 0 |a RealitySK  |b časopis o ľuďoch a realitách 
246 1 3 |a Realitysk 
260 |a Bratislava  |b Narks - Infoservis  |c 2012-2016 
300 |a 5 zv.  |c 30 cm 
310 |a 1x mesačne  |b sept. 2013-2016 
321 |a 24x ročne  |b 1/2012-14/2013 
362 0 |a Roč. 1=18, č. 1 (2012)-roč. 5=22, č. 3 (2016) 
500 |a Tlačený formát internetového portálu 
500 |a Reg. Číslo: EV 4669/12 
650 0 7 |a nehnuteľnosti  |2 SNKPH  |9 3653 
650 0 7 |a pozemky  |2 SNKPH  |9 15852 
655 7 |a inzertné časopisy  |2 SNKPH  |9 70809 
780 0 0 |t Slovensko a reality  |w vtls008418476 
852 |a Štátna vedecká knižnica v Banskej Bystrici 
856 4 1 |u http://www.reality.sk/casopis 
910 |a snk 
916 |a 2012-2016 
999 |c 2249  |d 4179 
952 |0 0  |1 0  |4 0  |7 0  |8 0  |a SNK  |b SNK  |d 2016-06-27  |f 1  |i snk2016/16482  |l 0  |o snkČSB 6172/1(18)/2012  |p 17A1100470  |r 2026-02-21 21:47:19  |t č. 1-7  |w 2026-02-21  |y PREZ 
952 |0 0  |1 0  |4 0  |7 0  |8 0  |a SNK  |b SNK  |d 2016-06-27  |f 1  |i snk2016/16486  |l 0  |o snkČSB 6172/2(19)/2013  |p 17A1100469  |r 2026-02-21 21:47:19  |t č. 1-12  |w 2026-02-21  |y PREZ 
952 |0 0  |1 0  |4 0  |7 0  |8 0  |a SNK  |b SNK  |d 2016-06-27  |f 1  |i snk2016/16487  |l 0  |o snkČSB 6172/3(20)/2014  |p 17A1100468  |r 2026-02-21 21:47:19  |t č. 1-12  |w 2026-02-21  |y PREZ 
952 |0 0  |1 0  |4 0  |7 0  |8 0  |a SNK  |b SNK  |d 2016-06-28  |f 1  |i snk2016/16508  |l 0  |o snkČSB 6172/4(21)/2015  |p 17A1100467  |r 2026-02-21 21:47:32  |t č. 1-12  |w 2026-02-21  |y PREZ 
952 |0 0  |1 0  |4 0  |7 0  |8 0  |a SNK  |b SNK  |d 2016-06-28  |i snk2016/16515  |l 0  |o snkČSB 6172/1(18)/2012 D1  |p 17A1100466  |r 2026-02-21 21:47:32  |t č. 1-7  |w 2026-02-21  |y PREZ 
952 |0 0  |1 0  |4 0  |7 0  |8 0  |a SNK  |b SNK  |d 2016-06-28  |i snk2016/16532  |l 0  |o snkČSB 6172/2(19)/2013 D1  |p 17A1100465  |r 2026-02-21 21:47:32  |t č. 1-12  |w 2026-02-21  |y PREZ 
952 |0 0  |1 0  |4 0  |7 0  |8 0  |a SNK  |b SNK  |d 2016-06-28  |i snk2016/16533  |l 0  |o snkČSB 6172/3(20)/2014 D1  |p 17A1100464  |r 2026-02-21 21:47:35  |t č. 1-12  |w 2026-02-21  |y PREZ 
952 |0 0  |1 0  |4 0  |7 0  |8 0  |a SNK  |b SNK  |d 2016-06-28  |i snk2016/16534  |l 0  |o snkČSB 6172/4(21)/2015 D1  |p 17A1100463  |r 2026-02-21 21:47:35  |t č. 1-12  |w 2026-02-21  |y PREZ 
952 |0 0  |1 0  |4 0  |7 0  |8 0  |a SNK  |b SNK  |d 2017-05-29  |f 1  |i snk2017/12387  |l 0  |o snkČSB 6172/5(22)/2016  |p 17A1206781  |r 2026-02-21 22:18:07  |t č. 1-3  |w 2026-02-21  |y PREZ 
952 |0 0  |1 0  |4 0  |7 0  |8 0  |a SNK  |b SNK  |d 2017-05-29  |i snk2017/12390  |l 0  |o snkČSB 6172/5(22)/2016 D1  |p 17A1206782  |r 2026-02-21 22:18:07  |t č. 1-3  |w 2026-02-21  |y PREZ